000 004670000a22001930004500
003 LK-CoMWRAF
005 20231102221801.0
008 230817t ||||| |||| 00| 0 eng d
020 _a156584484X
040 _aLK-CoMWRAF
_dLK-CoMWRAF
_eLK-CoMWRAF
041 _aeng
082 _a823
_bGUN
100 _aGunesekera, Romesh
245 _aThe Sandglass
260 _aNew York :
_bThe new press,
_c1998
300 _a278p
650 _aEnglish Fiction
942 _cBK
999 _c1679
_d1679